Terjemah hadis Shahih Muslim. jilid 1 / (Record no. 4635)
[ view plain ]
| 000 -LEADER | |
|---|---|
| fixed length control field | nam a22 a 4500 |
| 003 - CONTROL NUMBER IDENTIFIER | |
| control field | AKMAL |
| 005 - DATE AND TIME OF LATEST TRANSACTION | |
| control field | 20170710115112.0 |
| 008 - FIXED-LENGTH DATA ELEMENTS--GENERAL INFORMATION | |
| fixed length control field | 170710s1990 my 00 may d |
| 020 ## - INTERNATIONAL STANDARD BOOK NUMBER | |
| International Standard Book Number | 9836100024 |
| 040 ## - CATALOGING SOURCE | |
| Original cataloging agency | AKMAL |
| 082 04 - DEWEY DECIMAL CLASSIFICATION NUMBER | |
| Classification number | 297.126 TER |
| 090 00 - LOCALLY ASSIGNED LC-TYPE CALL NUMBER (OCLC); LOCAL CALL NUMBER (RLIN) | |
| Classification number (OCLC) (R) ; Classification number, CALL (RLIN) (NR) | 297.126 |
| Local cutter number (OCLC) ; Book number/undivided call number, CALL (RLIN) | TER |
| 245 ## - TITLE STATEMENT | |
| Title | Terjemah hadis Shahih Muslim. jilid 1 / |
| Statement of responsibility, etc. | diterjemahkan oleh Ma'mur Daud |
| 260 ## - PUBLICATION, DISTRIBUTION, ETC. | |
| Place of publication, distribution, etc. | Klang : |
| Name of publisher, distributor, etc. | Klang Book Centre, |
| Date of publication, distribution, etc. | 1987 [reprinted 1989] |
| 300 ## - PHYSICAL DESCRIPTION | |
| Extent | xv, 423ms. ; |
| Dimensions | 21cm. |
| 500 ## - GENERAL NOTE | |
| General note | Mula diterbitkan: Jakarta: Widjaya |
| 500 ## - GENERAL NOTE | |
| General note | Terjemahan dari: Shahih Muslim bi Sharhi An Nawawi. Cairo: Al Sya'bi, 1973 |
| 500 ## - GENERAL NOTE | |
| General note | Mengandungi ayat-ayat dari Quran |
| 504 ## - BIBLIOGRAPHY, ETC. NOTE | |
| Bibliography, etc. note | Bibliografi: ms.409-410 |
| 650 ## - SUBJECT ADDED ENTRY--TOPICAL TERM | |
| Topical term or geographic name entry element | Hadith |
| 9 (RLIN) | 818 |
| 650 ## - SUBJECT ADDED ENTRY--TOPICAL TERM | |
| Topical term or geographic name entry element | Sunna |
| 9 (RLIN) | 1760 |
| 700 0# - ADDED ENTRY--PERSONAL NAME | |
| Personal name | Daud, Ma'mur |
| 9 (RLIN) | 8920 |
| 942 ## - ADDED ENTRY ELEMENTS (KOHA) | |
| Source of classification or shelving scheme | |
| Koha item type | Book |
| Withdrawn status | Lost status | Source of classification or shelving scheme | Damaged status | Not for loan | Collection code | Home library | Current library | Shelving location | Date acquired | Inventory number | Total Checkouts | Full call number | Barcode | Date last seen | Price effective from | Koha item type |
|---|---|---|---|---|---|---|---|---|---|---|---|---|---|---|---|---|
| NON-FICTION | AKMAL Melaka | AKMAL Melaka | PINJAMAN | 10.07.2017 | 00495 | 297.126 TER | 201707425 | 10.07.2017 | 10.07.2017 | Book |
